Por un quitame esas pajas (Record no. 180021)

MARC details
000 -LEADER
campo de control de longitud fija 00686nam a2200205 i 4500
001 - NÚMERO DE CONTROL
campo de control 180021
003 - IDENTIFICADOR DE NÚMERO DE CONTROL
campo de control ES-MaACL
005 - FECHA Y HORA DE LA ÚLTIMA TRANSACCIÓN
campo de control 20230906220953.0
008 - DATOS DE LONGITUD FIJA--INFORMACIÓN GENERAL
campo de control de longitud fija 120330s1958 sp |||| | spa d
080 ## - NÚMERO DE LA CLASIFICACIÓN DECIMAL UNIVERSAL
Número de la Clasificación Decimal Universal 821.134.2-2"19"
100 1# - ENTRADA PRINCIPAL--NOMBRE DE PERSONA
Nombre de persona Gómez Latorre, Adelino.
9 (RLIN) 58008
245 10 - MENCIÓN DEL TÍTULO
Título Por un quitame esas pajas
Resto del título : estampa baturra en verso /
Mención de responsabilidad, etc. Adelino Gómez Latorre.
260 ## - PUBLICACIÓN, DISTRIBUCIÓN, ETC.
Lugar de publicación, distribución, etc. [Valencia :
Nombre del editor, distribuidor, etc. s.n.],
Fecha de publicación, distribución, etc. 1958 (
Fabricante Imp. Nácher)
300 ## - DESCRIPCIÓN FÍSICA
Extensión 16 p. ;
Dimensiones 16 cm.
490 1# - MENCIÓN DE SERIE
Mención de serie Teatro popular aragonés
594 ## - Nota al título y mención de responsabilidad
Nota al título y mención de responsabilidad En port.: Interpretada en... Radio Valencia el 5 de junio de 1957.
830 0# - PUNTO DE ACCESO ADICIONAL DE SERIE-TÍTULO UNIFORME
Título uniforme Teatro popular aragonés
9 (RLIN) 191152
852 ## - LOCALIZACIÓN
Ubicación ES-MaACL
Número de control de estantería 2309-F-4
Holdings
Estatus retirado Estado de pérdida Estado de daño No para préstamo Colección Biblioteca de origen Biblioteca actual Ubicación en estantería Fecha de adquisición Fuente de adquisición Total de préstamos Signatura topográfica completa Código de barras Visto por última vez Precio de reemplazo Tipo de ítem Koha
        Colección de folletos Biblioteca del Ateneo de Madrid Biblioteca del Ateneo de Madrid Depósito folletos 30/03/2012     2309-F-4 1189148 23/02/2023 23/02/2023 Folleto